| 000 | 00442nam a2200145Ia 4500 | ||
|---|---|---|---|
| 008 | 221007s9999 xx 000 0 und d | ||
| 041 | _aeng | ||
| 082 | _bSHR | ||
| 100 |
_aShraddha Kamble - 2k161029; Dr. Arpita Singh - Guide & Digital Thrust _9105144 |
||
| 245 | 4 | _aThe Effective Of Training And Developement At Digital Thrust | |
| 260 |
_c2016 _bSavitribai Phule Pune University _aPune |
||
| 300 | _a71p | ||
| 440 | _v1 | ||
| 906 | _bGeneral | ||
| 999 |
_c80044 _d80044 |
||